[Event "Belgrade Trophy 35th"]
[Site "Belgrade"]
[Date "2021.11.27"]
[Round "4"]
[White "Stefanovic, Bosko"]
[Black "Djurisic, Dusan"]
[Result "1/2-1/2"]
[WhiteElo "1690"]
[BlackElo "1870"]
[PlyCount "51"]
[EventDate "2021.11.24"]
[EventType "swiss"]
[EventRounds "9"]
[EventCountry "SRB"]
[SourceTitle "CBM 205 Extra"]
[Source "ChessBase"]
[SourceDate "2022.01.31"]
[SourceVersion "1"]
[SourceVersionDate "2022.01.31"]
[SourceQuality "1"]

1. e4 e6 2. d4 d5 3. exd5 exd5 4. c4 Nf6 5. Nc3 Be7 6. Nf3 0-0 7. Be2 c6 8. 0-0 dxc4 9. Bxc4 Bg4 10. Be3 Nbd7 11. h3 Bh5 12. g4 Bg6 13. Ne5 Nb6 14. Bb3 Nbd5 15. Nxd5 Nxd5 16. Bxd5 Qxd5 17. f4 Be4 18. Qe2 f5 19. g5 Rad8 20. Qh5 Rd6 21. g6 h6 22. Nf7 Rxf7 23. gxf7+ Kf8 24. Kh2 Bg2 25. Rf2 Be4 26. Rff1 1/2-1/2

[Event "Belgrade City-chT"]
[Site "Belgrade"]
[Date "2019.05.15"]
[Round "3.9"]
[White "Milojevic, Aleksa Z"]
[Black "Djurisic, Dusan"]
[Result "0-1"]
[WhiteElo "1679"]
[BlackElo "1895"]
[PlyCount "92"]
[EventDate "2019.05.13"]
[EventType "team-swiss"]
[EventRounds "5"]
[EventCountry "SRB"]
[SourceTitle "CBM 190 Extra"]
[Source "ChessBase"]
[SourceDate "2019.07.15"]
[SourceVersion "1"]
[SourceVersionDate "2019.07.15"]
[SourceQuality "1"]
[WhiteTeam "VF Chess"]
[BlackTeam "Jugopetrol"]
[WhiteTeamCountry "SRB"]
[BlackTeamCountry "SRB"]

1. e4 e6 2. d4 d5 3. e5 c5 4. c3 Qb6 5. Nf3 Nc6 6. Be2 Bd7 7. 0-0 Nh6 8. Na3 cxd4 9. Bxh6 gxh6 10. cxd4 Rg8 11. Qc2 Nxd4 12. Nxd4 Qxd4 13. Nb5 Qxe5 14. Nc7+ Kd8 15. Nxa8 Bd6 16. g3 f5 17. Bf3 Bc6 18. Rfe1 Qf6 19. Rad1 Kd7 20. Qc3 Qg6 21. Qd3 h5 22. Bg2 h4 23. a3 Rxa8 24. b4 a6 25. Re3 hxg3 26. fxg3 h5 27. Kf2 h4 28. Bh3 Bc7 29. Rf3 Rh8 30. g4 Qf6 31. gxf5 e5 32. Qb3 Kc8 33. Rxd5 e4 34. Re3 Bb6 35. Rc5 Bxc5 36. bxc5 Kb8 37. Qe6 Qb2+ 38. Re2 Qd4+ 39. Re3 Qd2+ 40. Re2 Qf4+ 41. Ke1 Qc1+ 42. Kf2 Qxc5+ 43. Ke1 Re8 44. Qb3 Qc1+ 45. Qd1 Qc3+ 46. Rd2 e3 0-1

[Event "Belgrade-chTB Quality"]
[Site "Belgrade"]
[Date "2018.10.28"]
[Round "10.5"]
[White "Poleksic, Dusan"]
[Black "Djurisic, Dusan"]
[Result "1/2-1/2"]
[WhiteElo "2018"]
[BlackElo "1906"]
[PlyCount "95"]
[EventDate "2018.09.29"]
[EventType "team-tourn"]
[EventRounds "11"]
[EventCountry "SRB"]
[SourceTitle "CBM 187 Extra"]
[Source "ChessBase"]
[SourceDate "2018.11.04"]
[SourceVersion "1"]
[SourceVersionDate "2018.11.04"]
[SourceQuality "1"]
[WhiteTeam "Belgrade Turbina"]
[BlackTeam "Nis Jugopetrol"]
[WhiteTeamCountry "SRB"]
[BlackTeamCountry "SRB"]

1. d4 e6 2. c4 f5 3. Nc3 Nf6 4. g3 Be7 5. Bg2 0-0 6. Nf3 d6 7. 0-0 Qe8 8. Qd3 Nc6 9. e4 fxe4 10. Nxe4 Nxe4 11. Qxe4 Qh5 12. g4 Qf7 13. Ng5 Bxg5 14. Bxg5 e5 15. d5 Nd4 16. f4 Bxg4 17. fxe5 Ne2+ 18. Qxe2 Bxe2 19. Rxf7 Kxf7 20. Re1 Bxc4 21. Rc1 Kg6 22. Rxc4 Kxg5 23. Rxc7 dxe5 24. d6 Rad8 25. d7 Kf4 26. Kf2 g5 27. Bxb7 h5 28. b4 h4 29. b5 g4 30. Bc6 g3+ 31. hxg3+ hxg3+ 32. Kg2 e4 33. Rxa7 e3 34. Ra4+ Ke5 35. Re4+ Kd6 36. Rxe3 Rf2+ 37. Kxg3 Rxa2 38. Kf4 Rb2 39. Rd3+ Kc7 40. Ke5 Re2+ 41. Kd5 Rxd7+ 42. Bxd7 Kxd7 43. Kc5+ Kc7 44. Rh3 Rc2+ 45. Kb4 Rb2+ 46. Ka4 Ra2+ 47. Kb3 Ra1 48. Rh6 1/2-1/2

[Event "Belgrade-chTB Quality"]
[Site "Belgrade"]
[Date "2018.10.21"]
[Round "8.5"]
[White "Djurisic, Dusan"]
[Black "Keserovic, Milan"]
[Result "1/2-1/2"]
[WhiteElo "1906"]
[BlackElo "2156"]
[PlyCount "73"]
[EventDate "2018.09.29"]
[EventType "team-tourn"]
[EventRounds "11"]
[EventCountry "SRB"]
[SourceTitle "CBM 187 Extra"]
[Source "ChessBase"]
[SourceDate "2018.11.04"]
[SourceVersion "1"]
[SourceVersionDate "2018.11.04"]
[SourceQuality "1"]
[WhiteTeam "Nis Jugopetrol"]
[BlackTeam "Belgrade Romanticari"]
[WhiteTeamCountry "SRB"]
[BlackTeamCountry "SRB"]

1. b4 Nf6 2. Bb2 e6 3. a3 d5 4. e3 Be7 5. Nf3 0-0 6. Be2 a5 7. b5 c5 8. c4 Nbd7 9. 0-0 b6 10. Qc2 Bb7 11. Nc3 Rc8 12. Rad1 Qc7 13. h3 e5 14. cxd5 Nxd5 15. Ne4 N5f6 16. Ng3 g6 17. Nh2 Bd5 18. Rc1 Qb7 19. f3 Be6 20. Ne4 Bf5 21. Bd3 Nxe4 22. Bxe4 Bxe4 23. fxe4 f6 24. Qc4+ Kg7 25. Qe6 Rf7 26. d3 Nf8 27. Qg4 Rd8 28. Rcd1 Qd7 29. a4 Qxg4 30. Nxg4 Ne6 31. Kf2 h5 32. Nh2 Bd6 33. Ke2 Rfd7 34. Nf3 Be7 35. Rd2 Rc8 36. Rc1 Rdc7 37. Rdc2 1/2-1/2

[Event "Belgrade-chT"]
[Site "Belgrade"]
[Date "2017.10.14"]
[Round "4.7"]
[White "Djurisic, Dusan"]
[Black "Ivanovic, Marko"]
[Result "0-1"]
[WhiteElo "1926"]
[BlackElo "2100"]
[PlyCount "42"]
[EventDate "2017.10.01"]
[EventType "team-tourn"]
[EventRounds "11"]
[EventCountry "SRB"]
[SourceTitle "CBM 181 Extra"]
[Source "ChessBase"]
[SourceDate "2017.12.12"]
[SourceVersion "1"]
[SourceVersionDate "2017.12.12"]
[SourceQuality "1"]
[WhiteTeam "Nis Jugopetrol"]
[BlackTeam "Belgrade CC"]
[WhiteTeamCountry "SRB"]
[BlackTeamCountry "SRB"]

1. b4 e5 2. Bb2 Bxb4 3. Bxe5 Nf6 4. e3 0-0 5. Nf3 d5 6. Be2 c5 7. 0-0 Nc6 8. Bb2 Re8 9. c4 d4 10. exd4 cxd4 11. d3 Qd6 12. Nbd2 Bf5 13. Nb3 Bc3 14. Rb1 Rad8 15. Bc1 h6 16. Nbd2 Nb4 17. Ba3 a5 18. Re1 Qc7 19. Qb3 Rxe2 20. Rxe2 Bxd3 21. Ree1 Bc2 0-1

[Event "Belgrade-chT Quality"]
[Site "Belgrade"]
[Date "2016.10.16"]
[Round "6.7"]
[White "Djurisic, Dusan"]
[Black "Savkic, Igor"]
[Result "0-1"]
[WhiteElo "1917"]
[BlackElo "2009"]
[PlyCount "56"]
[EventDate "2016.10.01"]
[EventType "team-tourn"]
[EventRounds "11"]
[EventCountry "SRB"]
[SourceTitle "EXT 2018"]
[Source "ChessBase"]
[SourceDate "2017.10.13"]
[SourceVersion "1"]
[SourceVersionDate "2017.10.13"]
[SourceQuality "1"]

1. b4 d5 2. Bb2 Nf6 3. e3 e6 4. a3 c5 5. b5 Be7 6. Nf3 0-0 7. c4 Ne4 8. Be2 Bf6 9. d4 dxc4 10. Bxc4 Qa5+ 11. Nfd2 Rd8 12. 0-0 Nxd2 13. Nxd2 cxd4 14. Nb3 Qc7 15. Bd3 e5 16. e4 Be6 17. Rc1 Qb6 18. a4 Nd7 19. Nd2 Nc5 20. Nc4 Bxc4 21. Rxc4 a6 22. Ba3 Nxd3 23. Qxd3 axb5 24. axb5 Qxb5 25. Rfc1 Bg5 26. Ra1 Ra4 27. Rc3 Qxd3 28. Rxd3 Rda8 0-1

[Event "Belgrade Cup 16th"]
[Site "Belgrade"]
[Date "2016.05.12"]
[Round "4.4"]
[White "Djurisic, Dusan"]
[Black "Bjelanovic, Mile"]
[Result "0-1"]
[WhiteElo "1933"]
[BlackElo "1915"]
[PlyCount "84"]
[EventDate "2016.05.09"]
[EventType "team-swiss"]
[EventRounds "5"]
[EventCountry "SRB"]
[SourceTitle "CBM 172 Extra"]
[Source "ChessBase"]
[SourceDate "2016.06.21"]
[SourceVersion "1"]
[SourceVersionDate "2016.06.21"]
[SourceQuality "1"]
[WhiteTeam "Nis Jugopetrol"]
[BlackTeam "Napredak"]
[WhiteTeamCountry "SRB"]
[BlackTeamCountry "SRB"]

1. b4 e5 2. Bb2 f6 3. a3 d5 4. e3 Bd6 5. Be2 Ne7 6. c4 c6 7. Nf3 0-0 8. Nc3 Be6 9. c5 Bc7 10. 0-0 Nd7 11. d4 e4 12. Nd2 Nf5 13. a4 Qe7 14. b5 Rae8 15. a5 Nb8 16. a6 bxa6 17. bxc6 Nxc6 18. Bxa6 Bb8 19. Bb5 Qc7 20. g3 Rd8 21. Ra6 Nfe7 22. Qa4 Bd7 23. Nxd5 Nxd5 24. Bxc6 Bxc6 25. Qxc6 Qxc6 26. Rxc6 Nb4 27. Re6 f5 28. Re7 Rf7 29. Rxf7 Kxf7 30. Nc4 Bc7 31. Ra1 Bb8 32. Bc3 Nd3 33. Rb1 g5 34. Rb7+ Kg6 35. Na5 Rc8 36. Rd7 f4 37. exf4 gxf4 38. Re7 Kf5 39. Nc4 Nxc5 40. Ne5 Na4 41. Rf7+ Ke6 42. d5+ Kxd5 0-1

[Event "Belgrade Trophy 29th"]
[Site "Belgrade"]
[Date "2015.11.26"]
[Round "3"]
[White "Djurisic, Dusan"]
[Black "Illijin, Neboisa"]
[Result "0-1"]
[WhiteElo "1918"]
[BlackElo "2150"]
[PlyCount "110"]
[EventDate "2015.11.24"]
[EventType "swiss"]
[EventRounds "9"]
[EventCountry "SRB"]
[SourceTitle "CBM 170 Extra"]
[Source "ChessBase"]
[SourceDate "2016.02.25"]
[SourceVersion "1"]
[SourceVersionDate "2016.02.25"]
[SourceQuality "1"]

1. b4 Nf6 2. Bb2 e6 3. a3 d5 4. e3 Be7 5. Nf3 0-0 6. Be2 a5 7. b5 c5 8. c4 Nbd7 9. 0-0 Nb6 10. Qc2 Nxc4 11. Bxc4 dxc4 12. Qxc4 b6 13. Qe2 Bb7 14. Nc3 Ne4 15. Rad1 Bf6 16. d4 Qc7 17. Nxe4 Bxe4 18. Rc1 Bxf3 19. gxf3 Rac8 20. Kh1 Qe7 21. f4 cxd4 22. exd4 Qb7+ 23. f3 Qd5 24. a4 Qb3 25. Rc6 Qxa4 26. Rfc1 Rcd8 27. Rxb6 Qb3 28. Rbc6 Rb8 29. R6c5 Rfd8 30. R1c3 Qa2 31. Ra3 Qb1+ 32. Rc1 Qf5 33. Rxa5 Bxd4 34. Bxd4 Rxd4 35. Qe5 Qxe5 36. fxe5 h5 37. Rb1 Rd5 38. Kg2 Rxe5 39. Rb2 g5 40. h3 Kg7 41. Rb4 Kg6 42. Kf2 Rc8 43. Ra2 Rb8 44. Rab2 Rb6 45. Rb1 f5 46. R1b2 Kf6 47. Rb1 f4 48. R1b2 Kf5 49. Rb1 Rc5 50. R1b2 e5 51. Kg2 g4 52. hxg4+ hxg4 53. fxg4+ Kxg4 54. Kf2 Rc8 55. Kg2 Kf5 0-1

[Event "Belgrade-chT Quality"]
[Site "Belgrade"]
[Date "2015.11.04"]
[Round "10"]
[White "Djurisic, Dusan"]
[Black "Gojgic, Radmilo"]
[Result "1-0"]
[WhiteElo "1918"]
[BlackElo "1967"]
[PlyCount "77"]
[EventDate "2015.10.03"]
[EventType "team-tourn"]
[EventRounds "11"]
[EventCountry "SRB"]
[SourceTitle "EXT 2018"]
[Source "ChessBase"]
[SourceDate "2017.10.13"]
[SourceVersion "1"]
[SourceVersionDate "2017.10.13"]
[SourceQuality "1"]

1. b4 e5 2. Bb2 d6 3. e3 f5 4. Nf3 Nf6 5. Be2 Be7 6. 0-0 0-0 7. c4 a5 8. b5 h6 9. Nc3 c5 10. Qc2 b6 11. Nh4 Ne4 12. Ng6 Nxc3 13. Nxe7+ Qxe7 14. Bxc3 Bb7 15. d4 Qg5 16. d5 f4 17. exf4 exf4 18. Kh1 Bc8 19. Rae1 Ra7 20. f3 Raf7 21. Bd3 Nd7 22. Re6 Ne5 23. Rxd6 Nxd3 24. Qxd3 Bf5 25. Qd2 Re8 26. g3 Bh3 27. Rg1 Qh5 28. Qf2 Re3 29. g4 Qg5 30. Bd2 Ra3 31. Rxb6 Re7 32. Rb8+ Kh7 33. Qxc5 Rxf3 34. Qc8 Rf7 35. Qg8+ Kg6 36. Rb6+ Rf6 37. Qe8+ Kh7 38. Rxf6 Qxf6 39. Qe4+ 1-0

[Event "Belgrade-chT Quality"]
[Site "Belgrade"]
[Date "2015.10.18"]
[Round "6"]
[White "Jelic, Ljubisa"]
[Black "Djurisic, Dusan"]
[Result "1/2-1/2"]
[WhiteElo "1914"]
[BlackElo "1918"]
[PlyCount "86"]
[EventDate "2015.10.03"]
[EventType "team-tourn"]
[EventRounds "11"]
[EventCountry "SRB"]
[SourceTitle "EXT 2018"]
[Source "ChessBase"]
[SourceDate "2017.10.13"]
[SourceVersion "1"]
[SourceVersionDate "2017.10.13"]
[SourceQuality "1"]

1. e4 e6 2. d4 d5 3. Nd2 c5 4. Ngf3 Nc6 5. exd5 exd5 6. Bb5 Bd7 7. 0-0 cxd4 8. Nb3 Be7 9. Nbxd4 Nf6 10. Re1 0-0 11. Nxc6 bxc6 12. Bd3 Bg4 13. h3 Bh5 14. c3 Bd6 15. Be2 Bc7 16. Nd4 Bg6 17. Bf3 Qd6 18. g3 Ne4 19. Bf4 Qd7 20. Bxc7 Qxc7 21. Kg2 Qd7 22. Bxe4 Bxe4+ 23. f3 Bg6 24. Qd2 Rab8 25. b4 h5 26. Nb3 Qf5 27. g4 Qf6 28. Nc5 Rfd8 29. Nb3 h4 30. Rad1 Qd6 31. Qf2 Qf6 32. Qd4 Qd6 33. Qf2 Qf6 34. Rd4 Re8 35. Nc5 Re7 36. Rxe7 Qxe7 37. f4 Re8 38. f5 Bh7 39. Rf4 Qe2 40. Qxe2 Rxe2+ 41. Rf2 Re3 42. Rf3 Re2+ 43. Rf2 Re3 1/2-1/2

[Event "Belgrade tt Cup"]
[Site "Belgrade"]
[Date "2015.04.22"]
[Round "3.4"]
[White "Djurisic, Dusan"]
[Black "Radulovic, Dusan"]
[Result "0-1"]
[WhiteElo "1927"]
[BlackElo "1974"]
[PlyCount "66"]
[EventDate "2015.04.20"]
[EventType "team-swiss"]
[EventRounds "5"]
[EventCountry "SRB"]
[SourceTitle "CBM 166 Extra"]
[Source "ChessBase"]
[SourceDate "2015.06.18"]
[SourceVersion "1"]
[SourceVersionDate "2015.06.18"]
[SourceQuality "1"]
[WhiteTeam "Nis Jugopetrol"]
[BlackTeam "Bratstvo i Jedinstvo"]
[WhiteTeamCountry "SRB"]
[BlackTeamCountry "SRB"]

1. b4 e5 2. Bb2 d6 3. e3 Nf6 4. Nf3 Be7 5. Be2 0-0 6. 0-0 h6 7. c4 Be6 8. Nc3 Nbd7 9. d4 e4 10. Nd2 Bf5 11. Qc2 Bg6 12. Ncxe4 Nxe4 13. Nxe4 d5 14. cxd5 Bxb4 15. Bd3 Nb6 16. a3 Be7 17. Nc3 Bxd3 18. Qxd3 Nxd5 19. Nxd5 Qxd5 20. e4 Qd7 21. f4 Rfd8 22. Rad1 Qa4 23. Qg3 Bf8 24. Rd2 c5 25. f5 cxd4 26. e5 Rac8 27. f6 Rc6 28. Rdf2 g6 29. h4 d3 30. Rd2 Rc4 31. e6 Bc5+ 32. Rff2 Rf4 33. exf7+ Kxf7 0-1

[Event "Belgrade-chT"]
[Site "Belgrade"]
[Date "2014.11.02"]
[Round "10"]
[White "Umiljenovic, Milenko"]
[Black "Djurisic, Dusan"]
[Result "1-0"]
[WhiteElo "2091"]
[BlackElo "1901"]
[PlyCount "69"]
[EventDate "2014.10.04"]
[EventType "team-tourn"]
[EventRounds "13"]
[EventCountry "SRB"]
[SourceTitle "EXT 2015"]
[Source "ChessBase"]
[SourceDate "2014.11.20"]
[SourceVersion "1"]
[SourceVersionDate "2014.11.20"]
[SourceQuality "1"]

1. Nf3 e6 2. g3 f5 3. Bg2 Nf6 4. b3 Be7 5. Bb2 0-0 6. d3 d6 7. Nbd2 Nc6 8. 0-0 Qe8 9. e4 e5 10. exf5 Bxf5 11. h3 Rd8 12. Nc4 Qd7 13. Kh2 Be6 14. Ng5 Ng4+ 15. hxg4 Bxg5 16. f3 Rf6 17. Qe2 h5 18. gxh5 Rh6 19. Rh1 Rxh5+ 20. Kg1 Rxh1+ 21. Kxh1 Kf7 22. Kg1 Rh8 23. Re1 Kg8 24. d4 b5 25. Na3 a6 26. c4 Bh3 27. dxe5 Bxg2 28. Qxg2 b4 29. e6 Qe7 30. Nc2 d5 31. f4 Qc5+ 32. Kf1 Be7 33. Qxd5 Qb6 34. Nd4 Nd8 35. Nf5 1-0

[Event "Belgrade Trophy 26th"]
[Site "Belgrade"]
[Date "2012.11.26"]
[Round "3"]
[White "Djurisic, Dusan"]
[Black "Petrovic, Zoran Z"]
[Result "1-0"]
[WhiteElo "1882"]
[BlackElo "2114"]
[PlyCount "62"]
[EventDate "2012.11.24"]
[EventType "swiss"]
[EventRounds "9"]
[EventCountry "SRB"]
[SourceTitle "CBM 151 Extra"]
[Source "ChessBase"]
[SourceDate "2012.12.18"]
[SourceVersion "1"]
[SourceVersionDate "2012.12.18"]
[SourceQuality "1"]

1. b4 e5 2. Bb2 Bxb4 3. Bxe5 Nf6 4. e3 0-0 5. Nf3 Re8 6. Be2 d5 7. 0-0 Bg4 8. Bb2 c5 9. c4 Qe7 10. cxd5 Nxd5 11. d4 Nc6 12. Ne5 Bxe2 13. Qxe2 cxd4 14. Nxc6 bxc6 15. Bxd4 Qh4 16. Qf3 Re6 17. h3 Rae8 18. Bxa7 Rf6 19. Qd1 Rg6 20. Qf3 Re4 21. Bb8 Ree6 22. Bg3 Qc4 23. a4 Nxe3 24. fxe3 Rxe3 25. Qf4 Qc5 26. Bf2 Qd5 27. Qb8+ Bf8 28. Qh2 Bd6 29. Qh1 Reg3 30. Re1 Rxg2+ 31. Kf1 Rg1+ 1-0

[Event "Belgrade-chT Quality"]
[Site "Belgrade"]
[Date "2012.10.21"]
[Round "4.2"]
[White "Jandric, Damjan"]
[Black "Djurisic, Dusan"]
[Result "1-0"]
[WhiteElo "2066"]
[BlackElo "1882"]
[PlyCount "41"]
[EventDate "2012.10.13"]
[EventType "team-tourn"]
[EventRounds "11"]
[EventCountry "SRB"]
[SourceTitle "EXT 2019"]
[Source "ChessBase"]
[SourceDate "2018.10.10"]
[SourceVersion "1"]
[SourceVersionDate "2018.10.10"]
[SourceQuality "1"]

1. e4 e6 2. d3 d5 3. Qe2 Nf6 4. Nf3 Be7 5. g3 0-0 6. Bg2 c5 7. 0-0 Nc6 8. e5 Nd7 9. c4 Nb6 10. b3 Qc7 11. Bf4 dxc4 12. dxc4 Rd8 13. Nc3 a6 14. h4 Nd7 15. h5 Nf8 16. Ne4 Bd7 17. Nf6+ gxf6 18. exf6 Bd6 19. Bxd6 Qxd6 20. Rad1 Qc7 21. Qe3 1-0

[Event "Belgrade Trophy 23rd"]
[Site "Obrenovac"]
[Date "2010.11.30"]
[Round "7"]
[White "Rajkovic, Mladen"]
[Black "Djurisic, Dusan"]
[Result "1-0"]
[WhiteElo "1760"]
[BlackElo "1961"]
[PlyCount "121"]
[EventDate "2010.11.24"]
[EventType "swiss"]
[EventRounds "9"]
[EventCountry "YUG"]
[SourceTitle "CBM 139 Extra"]
[Source "ChessBase"]
[SourceDate "2011.01.05"]
[SourceVersion "1"]
[SourceVersionDate "2011.01.05"]
[SourceQuality "1"]

1. e4 e6 2. d4 d5 3. Nc3 Bb4 4. Bd3 Ne7 5. Nge2 c5 6. dxc5 Nbc6 7. a3 Bxc5 8. exd5 Nxd5 9. Nxd5 Qxd5 10. 0-0 0-0 11. Nc3 Qd8 12. Qh5 f5 13. Bg5 Be7 14. Bxe7 Qxe7 15. Rfe1 Qf6 16. Rad1 a6 17. Bc4 Kh8 18. Rd6 Nd8 19. Red1 b5 20. Bd5 Rb8 21. Bc6 Nf7 22. Nd5 Qg6 23. Qxg6 hxg6 24. Nf4 Nxd6 25. Nxg6+ Kg8 26. Nxf8 Kxf8 27. Rxd6 Ke7 28. Rd3 Rb6 29. Bf3 e5 30. Rd5 Ke6 31. Rd8 Bd7 32. Bd5+ Ke7 33. Rg8 Kf6 34. h4 Rd6 35. Bb3 Be6 36. Bxe6 Rxe6 37. Rf8+ Kg6 38. h5+ Kg5 39. Rf7 g6 40. hxg6 Rxg6 41. Rd7 f4 42. f3 Re6 43. Kf2 Rc6 44. c3 Kf5 45. g3 Rh6 46. Kg2 Rg6 47. g4+ Ke6 48. Rd8 Ke7 49. Rd3 Ke6 50. b3 Rg7 51. c4 bxc4 52. bxc4 Rc7 53. Rc3 Kd6 54. Kf2 Kc5 55. Ke2 Rh7 56. Kd3 Rh1 57. Ke4 Re1+ 58. Kf5 Kd4 59. Rc2 Rf1 60. c5 Rxf3 61. c6 1-0

[Event "Belgrade Trophy 23rd"]
[Site "Obrenovac"]
[Date "2010.11.28"]
[Round "5"]
[White "Dikic, Veljko"]
[Black "Djurisic, Dusan"]
[Result "1-0"]
[WhiteElo "1817"]
[BlackElo "1961"]
[PlyCount "61"]
[EventDate "2010.11.24"]
[EventType "swiss"]
[EventRounds "9"]
[EventCountry "YUG"]
[SourceTitle "CBM 139 Extra"]
[Source "ChessBase"]
[SourceDate "2011.01.05"]
[SourceVersion "1"]
[SourceVersionDate "2011.01.05"]
[SourceQuality "1"]

1. e4 e6 2. d4 d5 3. Nd2 c5 4. exd5 exd5 5. Ngf3 Nf6 6. Bb5+ Bd7 7. Bxd7+ Nbxd7 8. 0-0 Be7 9. dxc5 Nxc5 10. Nd4 Qd7 11. N2f3 0-0 12. Ne5 Qc8 13. f4 Nce4 14. g4 Bc5 15. Be3 Re8 16. Nf5 Bxe3+ 17. Nxe3 Qc5 18. Qd3 Rad8 19. b4 Qb6 20. Kh1 Qxb4 21. g5 Nc5 22. Qd1 Nfd7 23. N5g4 d4 24. Nf5 Nb6 25. Nf6+ gxf6 26. gxf6 Kh8 27. Rg1 d3 28. Qg4 Qe4+ 29. Rg2 Rg8 30. Qg7+ Rxg7 31. fxg7+ 1-0

[Event "Belgrade Trophy 23rd"]
[Site "Obrenovac"]
[Date "2010.11.25"]
[Round "2"]
[White "Djurisic, Dusan"]
[Black "Sahovic, Rastko"]
[Result "1-0"]
[WhiteElo "1961"]
[BlackElo "1546"]
[PlyCount "76"]
[EventDate "2010.11.24"]
[EventType "swiss"]
[EventRounds "9"]
[EventCountry "YUG"]
[SourceTitle "CBM 139 Extra"]
[Source "ChessBase"]
[SourceDate "2011.01.05"]
[SourceVersion "1"]
[SourceVersionDate "2011.01.05"]
[SourceQuality "1"]

1. b4 e5 2. Bb2 d6 3. e3 Nf6 4. Nf3 Be7 5. Be2 Be6 6. c4 c6 7. 0-0 Na6 8. b5 Nc7 9. a4 0-0 10. Nc3 Qd7 11. d4 e4 12. Nd2 d5 13. f3 c5 14. fxe4 dxe4 15. Ncxe4 Nxe4 16. Nxe4 cxd4 17. Qxd4 Qxd4 18. exd4 f5 19. Nc5 Bxc5 20. dxc5 b6 21. Bd4 Rfd8 22. Rad1 bxc5 23. Bxc5 Rd7 24. Rxd7 Bxd7 25. Bf3 Ne6 26. Bxa8 Nxc5 27. Bd5+ Kf8 28. a5 Ke7 29. Rf3 g6 30. Rh3 h5 31. Rg3 Kf6 32. b6 axb6 33. axb6 Bc8 34. Ra3 Nb7 35. Bxb7 Bxb7 36. Ra7 Be4 37. b7 Bxb7 38. Rxb7 Ke6 1-0

[Event "Belgrade-ch"]
[Site "Belgrade"]
[Date "2009.01.27"]
[Round "4"]
[White "Masovic, Bogosav"]
[Black "Djurisic, Dusan"]
[Result "1/2-1/2"]
[WhiteElo "1821"]
[BlackElo "1992"]
[PlyCount "74"]
[EventDate "2009.01.24"]
[EventType "swiss"]
[EventRounds "9"]
[EventCountry "YUG"]
[SourceTitle "CBM 128 Extra"]
[Source "ChessBase"]
[SourceDate "2009.03.05"]
[SourceVersion "2"]
[SourceVersionDate "2009.03.25"]
[SourceQuality "1"]

1. d4 e6 2. c4 f5 3. g3 Nf6 4. Bg2 Be7 5. Nf3 0-0 6. 0-0 d6 7. Nc3 Qe8 8. Re1 Nc6 9. e4 fxe4 10. Nxe4 Nxe4 11. Rxe4 Qg6 12. Qe1 a5 13. a3 Bf6 14. Bd2 Bd7 15. Bc3 Rae8 16. Bh3 Nd8 17. Bxa5 b6 18. Bc3 d5 19. Re3 dxc4 20. Ne5 Bxe5 21. Rxe5 Nf7 22. Re3 Ng5 23. Bg2 e5 24. h4 exd4 25. Bxd4 Nh3+ 26. Bxh3 Bxh3 27. Kh2 Bd7 28. Rxe8 Rxe8 29. Qf1 Qg4 30. Be3 h6 31. Rd1 c5 32. Re1 g5 33. Qg2 Kf7 34. Bd2 Rxe1 35. Bxe1 gxh4 36. gxh4 Qxh4+ 37. Kg1 Qg5 1/2-1/2

[Event "Belgrade-ch"]
[Site "Belgrade"]
[Date "2009.01.26"]
[Round "3"]
[White "Djurisic, Dusan"]
[Black "Markovic, Aleksandar"]
[Result "1/2-1/2"]
[WhiteElo "1992"]
[BlackElo "1662"]
[PlyCount "54"]
[EventDate "2009.01.24"]
[EventType "swiss"]
[EventRounds "9"]
[EventCountry "YUG"]
[SourceTitle "CBM 128 Extra"]
[Source "ChessBase"]
[SourceDate "2009.03.05"]
[SourceVersion "2"]
[SourceVersionDate "2009.03.25"]
[SourceQuality "1"]

1. b4 c5 2. b5 d5 3. e3 Nf6 4. Bb2 Bf5 5. Nf3 e6 6. Be2 Be7 7. 0-0 0-0 8. d3 Qb6 9. c4 dxc4 10. dxc4 Rd8 11. Qb3 Nbd7 12. Nc3 Ne4 13. Nxe4 Bxe4 14. Nd2 Bg6 15. e4 Bf6 16. Bxf6 Nxf6 17. Qe3 e5 18. Rfd1 Nd7 19. Nb3 Qc7 20. Rd5 b6 21. Rad1 Nf8 22. f3 Ne6 23. g3 f6 24. Rf1 Rxd5 25. exd5 Nd4 26. Bd3 Bxd3 27. Qxd3 Re8 1/2-1/2

[Event "Belgrade-ch"]
[Site "Belgrade"]
[Date "2009.01.24"]
[Round "1"]
[White "Djurisic, Dusan"]
[Black "Stojanovic, Andjelija"]
[Result "0-1"]
[WhiteElo "1992"]
[BlackElo "2372"]
[PlyCount "100"]
[EventDate "2009.01.24"]
[EventType "swiss"]
[EventRounds "9"]
[EventCountry "YUG"]
[SourceTitle "CBM 128 Extra"]
[Source "ChessBase"]
[SourceDate "2009.03.05"]
[SourceVersion "2"]
[SourceVersionDate "2009.03.25"]
[SourceQuality "1"]

1. b4 e5 2. Bb2 d6 3. e3 Nf6 4. Nf3 Be7 5. c4 c6 6. Be2 0-0 7. 0-0 h6 8. d3 Be6 9. Nc3 Nbd7 10. a4 a5 11. b5 Qc7 12. Rc1 Rfe8 13. Nd2 Rec8 14. Bf3 Qd8 15. Re1 d5 16. g3 dxc4 17. Nxc4 Bxc4 18. dxc4 Bb4 19. Qe2 Nc5 20. Red1 Qe7 21. Qc2 e4 22. Bg2 Re8 23. Rb1 Nh7 24. Ne2 Rac8 25. Bh3 Rcd8 26. Nd4 Ng5 27. Bg2 Qc7 28. Ba1 f6 29. h4 Nf7 30. Nf5 Nd6 31. Bh3 Nd3 32. Nd4 cxb5 33. Ne6 Qxc4 34. Qxc4 bxc4 35. Nxd8 Rxd8 36. Be6+ Kf8 37. Bd4 Ke7 38. Bd5 c3 39. Bb3 Nf5 40. Bb6 Rd6 41. Ba7 Ra6 42. Bd4 Rd6 43. Ba7 b6 44. Bc2 Kd8 45. Bb8 Rd7 46. h5 Ne7 47. f3 f5 48. fxe4 fxe4 49. Rf1 Nd5 50. Bf4 Bc5 0-1